Play & learn boxing / (Record no. 128978)
[ view plain ]
| 000 -LEADER | |
|---|---|
| fixed length control field | 00652nam a22002297a 4500 |
| 005 - DATE AND TIME OF LATEST TRANSACTION | |
| control field | 20170124110049.0 |
| 010 ## - LIBRARY OF CONGRESS CONTROL NUMBER | |
| LC control number | B-081290 |
| 020 ## - INTERNATIONAL STANDARD BOOK NUMBER | |
| Terms of availability | 150.00 |
| International Standard Book Number | 81752420000 |
| 035 ## - SYSTEM CONTROL NUMBER | |
| System control number | B-081290 |
| 037 ## - SOURCE OF ACQUISITION | |
| Source of stock number/acquisition | Cen Lib/Ret |
| 040 ## - CATALOGING SOURCE | |
| Original cataloging agency | DPL |
| Language of cataloging | EN |
| 082 ## - DEWEY DECIMAL CLASSIFICATION NUMBER | |
| Classification number | 796.83 |
| Item number | INC |
| 100 ## - MAIN ENTRY--PERSONAL NAME | |
| Personal name | Inch, Thomas |
| 9 (RLIN) | 25002 |
| 245 ## - TITLE STATEMENT | |
| Title | Play & learn boxing / |
| Statement of responsibility, etc | by Thomas Inch |
| 260 ## - PUBLICATION, DISTRIBUTION, ETC. (IMPRINT) | |
| Place of publication, distribution, etc | New Delhi |
| Name of publisher, distributor, etc | Khel sahitya kendra |
| Date of publication, distribution, etc | 2003 |
| 270 ## - ADDRESS | |
| City | New Delhi |
| Address | 4264/3, Ansari road Daraganj |
| Postal code | 110006 |
| 300 ## - PHYSICAL DESCRIPTION | |
| Extent | 164p.: |
| Dimensions | 20cm(Hb) |
| Other physical details | ill. |
| 650 ## - SUBJECT ADDED ENTRY--TOPICAL TERM | |
| Topical term or geographic name as entry element | Health science |
| 9 (RLIN) | 16285 |
| 650 ## - SUBJECT ADDED ENTRY--TOPICAL TERM | |
| Topical term or geographic name as entry element | Boxing |
| 9 (RLIN) | 25003 |
| 700 ## - ADDED ENTRY--PERSONAL NAME | |
| 9 (RLIN) | 23015 |
| 942 ## - ADDED ENTRY ELEMENTS (KOHA) | |
| Source of classification or shelving scheme | Dewey Decimal Classification |
| Koha item type | English Books |
| Classification part | 796.83 |
| Call number suffix | INC |
| Withdrawn status | Lost status | Damaged status | Not for loan | Home library | Current library | Date acquired | Source of acquisition | Cost, normal purchase price | Total Checkouts | Total Renewals | Full call number | Barcode | Date last seen | Date checked out | Copy number | Cost, replacement price | Price effective from | Koha item type |
|---|---|---|---|---|---|---|---|---|---|---|---|---|---|---|---|---|---|---|
| Central Library | Central Library | 04/07/2015 | Cen Lib/Ret | 150.00 | 5 | 1 | 796.83 INC | B-081290 | 16/03/2018 | 24/02/2018 | 1 | 150.00 | 04/07/2015 | English Books |
